000 00327nam a22001337a 4500
008 171010b xxu||||| |||| 00| 0 eng d
020 _a9780130638199
041 _aeng
080 _24 ED
_a316
100 _a50
101 _aSOC
245 _aSOCIAL WELFARE POLITICS AND PUBLIC POLICY
_cDINITO.D.M
942 _2udc
_cBK
999 _c32980
_d32980